[Event "Wch FIDE Online U12 Girls America qual"]
[Site "Tornelo INT"]
[Date "2020.12.04"]
[Round "7"]
[White "Gupta, Sara"]
[Black "Villagomez Martinez, Heidy Arelys"]
[Result "0-1"]
[WhiteElo "1341"]
[BlackElo "1289"]
[PlyCount "110"]
[EventDate "2020.12.01"]
[EventType "swiss (rapid)"]
[EventRounds "7"]
[EventCountry "ISS"]
[SourceTitle "EXT 2022"]
[Source "ChessBase"]
[SourceDate "2021.10.06"]
[SourceVersion "1"]
[SourceVersionDate "2021.10.06"]
[SourceQuality "1"]

1. e4 e5 2. Nf3 Nc6 3. d4 exd4 4. Nxd4 Bc5 5. Be3 Qf6 6. c3 d6 7. Bc4 Nge7 8. 0-0 0-0 9. Nxc6 Nxc6 10. Bxc5 dxc5 11. f4 Qe7 12. Nd2 Be6 13. Qc2 Rfe8 14. Rae1 Rad8 15. Bb5 c4 16. Bxc6 Qc5+ 17. Kh1 Qxc6 18. Nf3 Qb6 19. e5 g6 20. Ng5 Bf5 21. Qf2 Qa6 22. Qh4 h5 23. h3 Qc6 24. Kh2 Rd2 25. Rf2 Rxf2 26. Qxf2 Kg7 27. Qd4 Kg8 28. Qxa7 b6 29. Qa3 Ra8 30. Qe7 Be6 31. Nxe6 Qxe6 32. Qxc7 Rxa2 33. Qd6 Qf5 34. Qd2 b5 35. Rd1 Kg7 36. Qf2 g5 37. Qg3 Rxb2 38. Qxg5+ Qxg5 39. fxg5 Rc2 40. Rd5 Rxc3 41. Rxb5 Re3 42. Rc5 c3 43. Kg1 Kg6 44. Kf2 Rd3 45. h4 Rd2+ 46. Kf3 c2 47. g3 Rd3+ 48. Ke2 Rxg3 49. Rxc2 Rg4 50. Rc6+ Kg7 51. Kf3 Rxh4 52. Rh6 Rh3+ 53. Kg2 Re3 54. Rxh5 Rxe5 55. Kf3 Kg6 0-1

[Event "Hradec Kralove op 10th"]
[Site "Hradec Kralove"]
[Date "2019.10.30"]
[Round "6"]
[White "Portych, Vaclav"]
[Black "Gupta, Sara"]
[Result "1/2-1/2"]
[WhiteElo "1790"]
[BlackElo "1635"]
[PlyCount "76"]
[EventDate "2019.10.26"]
[EventType "swiss"]
[EventRounds "9"]
[EventCountry "CZE"]
[SourceTitle "CBM 193 Extra"]
[Source "ChessBase"]
[SourceDate "2020.01.31"]
[SourceVersion "1"]
[SourceVersionDate "2020.01.31"]
[SourceQuality "1"]

1. c4 e6 2. Nf3 d5 3. cxd5 exd5 4. g3 c5 5. Bg2 Nf6 6. b3 Nc6 7. Bb2 Be7 8. 0-0 0-0 9. d4 b5 10. dxc5 b4 11. Nbd2 Bb7 12. Nd4 Nxd4 13. Bxd4 Nd7 14. Rc1 Bc6 15. Nf3 Qa5 16. Qc2 Rfc8 17. Ne5 Nxe5 18. Bxe5 Bb7 19. Qb2 f6 20. Bd6 Bxd6 21. cxd6 Rd8 22. Rc7 Qb6 23. Rfc1 Rxd6 24. Qd2 Rad8 25. Qf4 Rc6 26. Bh3 Rdd6 27. R7xc6 Rxc6 28. Rd1 Rc2 29. Qd4 Rxa2 30. Qxb6 axb6 31. e3 Rb2 32. Be6+ Kf8 33. Bxd5 Bxd5 34. Rxd5 Rxb3 35. Rb5 Rb1+ 36. Kg2 b3 37. Kf3 Ke7 38. Rxb6 Kd7 1/2-1/2

[Event "Pan American-ch U12 Girls"]
[Site "Guayaquil"]
[Date "2019.07.26"]
[Round "8"]
[White "Contreras Huaman, Fiorella Daiana"]
[Black "Gupta, Sara"]
[Result "1-0"]
[WhiteElo "1895"]
[BlackElo "1671"]
[PlyCount "65"]
[EventDate "2019.07.21"]
[EventType "swiss"]
[EventRounds "9"]
[EventCountry "ECU"]
[SourceTitle "EXT 2020"]
[Source "ChessBase"]
[SourceDate "2019.10.17"]
[SourceVersion "1"]
[SourceVersionDate "2019.10.17"]
[SourceQuality "1"]

1. e4 c5 2. Nc3 Nc6 3. g3 g6 4. Bg2 Bg7 5. d3 e6 6. Be3 b6 7. Nge2 Nge7 8. Qd2 d5 9. Bh6 0-0 10. h4 Re8 11. Bxg7 Kxg7 12. h5 Rh8 13. hxg6 hxg6 14. 0-0-0 Rxh1 15. Rxh1 Ng8 16. exd5 exd5 17. Bxd5 Bb7 18. Qf4 Qf6 19. Ne4 Qxf4+ 20. Nxf4 Nge7 21. Bxf7 Ne5 22. Be6 Rf8 23. Re1 Nf3 24. Re3 Nd4 25. c3 Ndf5 26. Bxf5 Nxf5 27. Ne6+ Kg8 28. Nxf8 Nxe3 29. Nxg6 Ng4 30. f3 Kg7 31. Nh4 Ne5 32. Kd2 Kf7 33. Nd6+ 1-0

[Event "Pan American-ch U10 Girls"]
[Site "Santiago de Chile"]
[Date "2018.07.27"]
[Round "7"]
[White "Mou, Iris Zhaoying"]
[Black "Gupta, Sara"]
[Result "1-0"]
[WhiteElo "1450"]
[BlackElo "1651"]
[PlyCount "107"]
[EventDate "2018.07.22"]
[EventType "swiss"]
[EventRounds "9"]
[EventCountry "CHI"]
[SourceTitle "EXT 2022"]
[Source "ChessBase"]
[SourceDate "2021.10.06"]
[SourceVersion "1"]
[SourceVersionDate "2021.10.06"]
[SourceQuality "1"]

1. e4 c5 2. c3 Nf6 3. e5 Nd5 4. d4 e6 5. Nf3 Nc6 6. a3 d6 7. Bd3 cxd4 8. cxd4 Be7 9. 0-0 0-0 10. Qe2 Qb6 11. Qe4 f5 12. exf6 Nxf6 13. Qh4 Qb3 14. Nc3 a6 15. Ng5 h6 16. Nge4 Ne8 17. Qg3 Nxd4 18. Nd2 Qb6 19. Nc4 Qc6 20. Bxh6 Bf6 21. Be3 Nb3 22. Rad1 b5 23. Nb6 Rb8 24. Nxc8 Rxc8 25. Qh3 d5 26. Bg6 Rf7 27. Bxf7+ Kxf7 28. Qh5+ Kg8 29. Qg4 d4 30. Bxd4 Nxd4 31. Rxd4 Bxd4 32. Qxd4 Nf6 33. h3 Nd5 34. Nxd5 Qxd5 35. Qe3 Rc2 36. Re1 Rxb2 37. Qc3 Qd2 38. Qxd2 Rxd2 39. Rxe6 Rd1+ 40. Kh2 Rd2 41. f3 Ra2 42. Rxa6 b4 43. a4 b3 44. Rb6 b2 45. a5 Rxa5 46. Rxb2 Rg5 47. h4 Rg6 48. Kh3 Kh7 49. Rb5 Kh6 50. g4 Ra6 51. Kg3 g6 52. Rb7 Ra1 53. g5+ Kh5 54. Rh7# 1-0

[Event "Bad Woerishofen op 34th"]
[Site "Bad Woerishofen"]
[Date "2018.03.01"]
[Round "7"]
[White "Walda, Michael"]
[Black "Gupta, Sara"]
[Result "1-0"]
[WhiteElo "1976"]
[BlackElo "1315"]
[PlyCount "41"]
[EventDate "2018.02.23"]
[EventType "swiss"]
[EventRounds "9"]
[EventCountry "GER"]
[SourceTitle "EXT 2019"]
[Source "ChessBase"]
[SourceDate "2018.10.10"]
[SourceVersion "1"]
[SourceVersionDate "2018.10.10"]
[SourceQuality "1"]

1. g4 d5 2. Bg2 Bxg4 3. c4 c6 4. Qb3 Qc7 5. cxd5 cxd5 6. Nc3 e6 7. Qa4+ Nc6 8. Qxg4 Nf6 9. Qa4 a6 10. Nf3 Bd6 11. Nb5 Qd7 12. Nxd6+ Qxd6 13. b3 b5 14. Ba3 b4 15. Rc1 Rc8 16. Bxb4 Qd7 17. Ne5 Qb7 18. Nxc6 Qd7 19. 0-0 d4 20. Ne5 Qxa4 21. Rxc8# 1-0